[Event "Chioggia op-A 12th"]
[Site "Chioggia"]
[Date "2017.10.06"]
[Round "1"]
[White "Smole, Albert"]
[Black "Sriram, Jha"]
[Result "0-1"]
[WhiteElo "2071"]
[BlackElo "2367"]
[PlyCount "130"]
[EventDate "2017.10.06"]
[EventType "swiss"]
[EventRounds "5"]
[EventCountry "ITA"]
[SourceTitle "EXT 2022"]
[Source "ChessBase"]
[SourceDate "2021.10.06"]
[SourceVersion "1"]
[SourceVersionDate "2021.10.06"]
[SourceQuality "1"]

1. e4 c5 2. c3 d6 3. d4 Nf6 4. dxc5 Nc6 5. Bc4 e6 6. Nd2 d5 7. exd5 exd5 8. Bb5 Bxc5 9. Ngf3 0-0 10. 0-0 Qb6 11. Bxc6 bxc6 12. b4 Bd6 13. h3 Ba6 14. Re1 Rfe8 15. Nb3 Rxe1+ 16. Qxe1 Re8 17. Be3 Qc7 18. Qc1 Ne4 19. Qa3 Qc8 20. Rc1 Re7 21. Nfd4 Bd3 22. Na5 Rc7 23. c4 dxc4 24. Nxc4 Bxc4 25. Rxc4 c5 26. bxc5 Rxc5 27. Rxc5 Bxc5 28. Qc1 Qf8 29. Nb3 Bxe3 30. Qxe3 Qb4 31. Qxa7 g6 32. Qe3 Qa4 33. Nd4 Qd1+ 34. Kh2 Nd2 35. Qe8+ Kg7 36. Qe5+ Kg8 37. Qe2 Nf1+ 38. Kg1 Qxd4 39. Qxf1 h5 40. g3 h4 41. gxh4 Qxh4 42. Qd3 Qg5+ 43. Qg3 Qc1+ 44. Kh2 Qb2 45. a3 Qa2 46. h4 Kh7 47. Qf3 Kg8 48. Kg2 Kf8 49. Qd3 Kg8 50. Kf3 Qe6 51. a4 Qc6+ 52. Ke2 Qxa4 53. Qd8+ Kg7 54. Qg5 Qe4+ 55. Kf1 f6 56. Qg3 Kh6 57. f3 Qc4+ 58. Kg1 Qc1+ 59. Kg2 Qd2+ 60. Kh3 Qe2 61. Qg4 Qe3 62. Qb4 Kh5 63. Qg4+ Kh6 64. Qb4 Qe6+ 65. Qg4 Qe1 0-1

[Event "St Veit op 36th"]
[Site "St Veit"]
[Date "2017.07.09"]
[Round "2"]
[White "Singer, Christoph"]
[Black "Smole, Albert"]
[Result "1-0"]
[WhiteElo "2303"]
[BlackElo "2073"]
[PlyCount "109"]
[EventDate "2017.07.08"]
[EventType "swiss"]
[EventRounds "9"]
[EventCountry "AUT"]
[SourceTitle "EXT 2018"]
[Source "ChessBase"]
[SourceDate "2017.10.13"]
[SourceVersion "1"]
[SourceVersionDate "2017.10.13"]
[SourceQuality "1"]

1. e4 e5 2. Nf3 Nf6 3. Nc3 Nc6 4. Bb5 Nd4 5. Bc4 Nxf3+ 6. Qxf3 d6 7. d3 Be7 8. h3 c6 9. Bb3 0-0 10. 0-0 b5 11. Qe2 a5 12. a4 b4 13. Nb1 Nd7 14. Be3 Bg5 15. Nd2 Bxe3 16. Qxe3 Nc5 17. d4 Ne6 18. dxe5 dxe5 19. Bxe6 Bxe6 20. Nf3 f6 21. Qc5 Qc7 22. Rfd1 Rfd8 23. Kf1 Kf7 24. Rxd8 Qxd8 25. Ke1 Qe7 26. Qe3 Qa7 27. Qd3 Qc5 28. Rd1 Ra7 29. Rd2 Rd7 30. Qe2 Rxd2 31. Kxd2 b3 32. c3 Bc4 33. Qe3 Qd6+ 34. Ke1 c5 35. Nd2 Be6 36. c4 Bd7 37. Qxb3 Qc6 38. Qb5 Qc7 39. Qb3 Qc6 40. Qe3 Qxa4 41. Qxc5 Qa1+ 42. Ke2 a4 43. Qc7 Ke6 44. Qb6+ Ke7 45. Qb4+ Ke8 46. Nf1 Bc6 47. f3 f5 48. Qb8+ Kd7 49. Qxe5 fxe4 50. fxe4 a3 51. Qxg7+ Ke6 52. Qg8+ Ke5 53. Qb8+ Ke6 54. Qc8+ Ke5 55. Qc7+ 1-0

[Event "Feffernitz Raika op 23rd"]
[Site "Feffernitz"]
[Date "2014.08.17"]
[Round "3"]
[White "Praznik, Niko"]
[Black "Smole, Albert"]
[Result "1-0"]
[WhiteElo "2320"]
[BlackElo "2088"]
[PlyCount "113"]
[EventDate "2014.08.16"]
[EventType "swiss"]
[EventRounds "9"]
[EventCountry "AUT"]
[SourceTitle "CBM 161 Extra"]
[Source "ChessBase"]
[SourceDate "2014.08.29"]
[SourceVersion "1"]
[SourceVersionDate "2014.08.29"]
[SourceQuality "1"]

1. d4 Nf6 2. g3 e6 3. Bg2 c5 4. e3 Nc6 5. Nf3 Qc7 6. 0-0 b6 7. b3 d5 8. Bb2 Be7 9. c4 Ba6 10. Ne5 Rd8 11. Nxc6 Qxc6 12. Re1 0-0 13. Nc3 Ne4 14. Bxe4 dxe4 15. d5 exd5 16. Nxd5 Qe6 17. Qh5 Bb7 18. Nf4 Qc8 19. Bxg7 Kxg7 20. Qe5+ Bf6 21. Nh5+ Kg6 22. Nxf6 Qf5 23. Qxf5+ Kxf5 24. Nh5 Rd2 25. Red1 Rfd8 26. Rxd2 Rxd2 27. h3 Ke5 28. Kf1 Bc6 29. Nf4 a5 30. g4 Rb2 31. Kg2 a4 32. bxa4 Bxa4 33. Kg3 b5 34. cxb5 Bxb5 35. a4 Ba6 36. Rd1 Bc4 37. a5 Bb3 38. Ra1 Bd5 39. Nxd5 Kxd5 40. a6 Rb8 41. a7 Ra8 42. Kf4 Kc4 43. Kxe4 Re8+ 44. Kf5 Ra8 45. Ke5 Kb3 46. Kd5 c4 47. Kc6 c3 48. Kb7 Rxa7+ 49. Kxa7 Kb2 50. Rh1 c2 51. Kb7 c1Q 52. Rxc1 Kxc1 53. Kc7 Kd2 54. Kd7 Ke2 55. Ke7 Kxf2 56. Kxf7 Kxe3 57. Kg7 1-0

[Event "Velden op"]
[Site "Velden"]
[Date "2008.09.14"]
[Round "2"]
[White "Smole, Albert"]
[Black "Praznik, Anton"]
[Result "1/2-1/2"]
[WhiteElo "2125"]
[BlackElo "2241"]
[PlyCount "104"]
[EventDate "2008.09.13"]
[EventType "swiss"]
[EventRounds "9"]
[EventCountry "AUT"]
[SourceTitle "EXT 2009"]
[Source "ChessBase"]
[SourceDate "2008.11.26"]
[SourceVersion "1"]
[SourceVersionDate "2008.11.26"]
[SourceQuality "1"]

1. e4 e6 2. d4 d5 3. Nd2 c5 4. exd5 exd5 5. Ngf3 Nc6 6. Bb5 Bd6 7. 0-0 cxd4 8. Nb3 Nge7 9. Nbxd4 Bg4 10. c3 0-0 11. Qa4 Bh5 12. Bg5 Qb6 13. Bxc6 Nxc6 14. Nxc6 bxc6 15. Nd4 c5 16. Nf5 Bg6 17. Nxd6 Qxd6 18. Rfe1 f6 19. Bf4 Qd8 20. Qa3 Qb6 21. Re7 Rfe8 22. Bc7 Qc6 23. Rxe8+ Rxe8 24. Bf4 d4 25. h3 h6 26. cxd4 cxd4 27. Qxa7 Qe4 28. Bd2 Qd3 29. Bb4 Bf7 30. Bc5 Qg6 31. Qb7 Qg5 32. Qc6 Rb8 33. Qd6 Ra8 34. Bxd4 Bd5 35. Qg3 Rxa2 36. Rxa2 Bxa2 37. Qe3 Qxe3 38. fxe3 Bb3 39. Kf2 Kf7 40. Ke1 Ke6 41. Kd2 Bd5 42. g3 Bg2 43. h4 Kf5 44. Bc5 Kg4 45. Bf8 g5 46. Bxh6 gxh4 47. gxh4 Kxh4 48. b4 Kg4 49. Kc3 Kf5 50. Kd4 Ke6 51. b5 f5 52. Kc5 Kd7 1/2-1/2

[Event "AUT-chT2M 0708"]
[Site "Austria"]
[Date "2007.10.14"]
[Round "2.6"]
[White "Smole, Albert"]
[Black "Ebner, Markus"]
[Result "1/2-1/2"]
[WhiteElo "2118"]
[BlackElo "2054"]
[PlyCount "112"]
[EventDate "2007.10.13"]
[EventType "team"]
[EventRounds "11"]
[EventCountry "AUT"]
[SourceTitle "EXT 2009"]
[Source "ChessBase"]
[SourceDate "2008.11.26"]
[SourceVersion "1"]
[SourceVersionDate "2008.11.26"]
[SourceQuality "1"]
[WhiteTeam "St Veit/Glan"]
[BlackTeam "Trofaiach Niklasdorf"]
[WhiteTeamCountry "AUT"]
[BlackTeamCountry "AUT"]

1. Nf3 e6 2. g3 d5 3. Bg2 c5 4. 0-0 Nc6 5. d4 Nf6 6. c4 dxc4 7. Qa4 cxd4 8. Nxd4 Qxd4 9. Bxc6+ bxc6 10. Qxc6+ Qd7 11. Qxa8 Bc5 12. Nc3 0-0 13. Qf3 Bb7 14. e4 Bb4 15. Qd1 Qc8 16. f3 Bc5+ 17. Kg2 Nd7 18. Na4 f5 19. Nxc5 Nxc5 20. e5 Rd8 21. Qe2 Nd3 22. Bd2 Nxe5 23. Qxe5 Rxd2+ 24. Rf2 Rxf2+ 25. Kxf2 Bd5 26. Qd4 Qb7 27. Re1 Kf7 28. Re3 g5 29. Ra3 a6 30. Re3 h5 31. h4 gxh4 32. gxh4 Qb8 33. Qe5 Qd8 34. Qd4 Qc7 35. f4 Qd7 36. Kg3 Qb7 37. Qh8 Qb6 38. Qe5 Be4 39. Qc3 Qd8 40. Rxe4 fxe4 41. Qxc4 Qd3+ 42. Qxd3 exd3 43. Kf3 Kf6 44. b4 d2 45. Ke2 Kf5 46. a4 Kxf4 47. b5 axb5 48. axb5 Ke5 49. Kxd2 Kd5 50. Kd3 Kc5 51. Ke4 Kxb5 52. Ke5 Kc5 53. Kxe6 Kc6 54. Kf6 Kd6 55. Kg6 Ke6 56. Kxh5 Kf7 1/2-1/2

[Event "AUT-chT2M 0607"]
[Site "Austria"]
[Date "2006.11.26"]
[Round "4.4"]
[White "Aschenbrenner, Robert"]
[Black "Smole, Albert"]
[Result "1-0"]
[WhiteElo "2280"]
[BlackElo "2136"]
[PlyCount "67"]
[EventDate "2006.10.28"]
[EventType "team-tourn"]
[EventRounds "11"]
[EventCountry "AUT"]
[SourceTitle "EXT 2007"]
[Source "ChessBase"]
[SourceDate "2006.11.23"]
[SourceVersion "1"]
[SourceVersionDate "2006.11.23"]
[SourceQuality "1"]
[WhiteTeam "Graz Austria"]
[BlackTeam "St Veit/Glan"]
[WhiteTeamCountry "AUT"]
[BlackTeamCountry "AUT"]

1. d4 Nf6 2. c4 e6 3. Nc3 Bb4 4. f3 d5 5. a3 Bxc3+ 6. bxc3 h6 7. cxd5 exd5 8. e3 0-0 9. Bd3 c5 10. Ne2 Nc6 11. 0-0 cxd4 12. cxd4 Re8 13. Ra2 Bd7 14. Nf4 Na5 15. g4 b5 16. Rg2 g5 17. Nh5 Nxh5 18. gxh5 Nc4 19. Re1 Kh8 20. e4 Qb6 21. Kh1 Qe6 22. f4 dxe4 23. d5 Qf5 24. Bxc4 bxc4 25. Bb2+ f6 26. fxg5 hxg5 27. Rf1 Qh3 28. Qd4 Re5 29. Rxf6 Rae8 30. Rf8+ Kh7 31. Rxe8 c3 32. Qxe5 Bf5 33. Re7+ Kh6 34. Qf6+ 1-0

[Event "Latschach op 22nd"]
[Site "Latschach"]
[Date "2006.08.19"]
[Round "9"]
[White "Kwossek, Georg"]
[Black "Smole, Albert"]
[Result "0-1"]
[WhiteElo "2056"]
[BlackElo "2136"]
[PlyCount "70"]
[EventDate "2006.08.12"]
[EventType "swiss"]
[EventRounds "9"]
[EventCountry "AUT"]
[SourceTitle "CBM 113 Extra"]
[Source "ChessBase"]
[SourceDate "2006.09.14"]
[SourceVersion "1"]
[SourceVersionDate "2006.09.14"]
[SourceQuality "1"]

1. d4 Nf6 2. c4 e6 3. Nf3 b6 4. g3 Bb7 5. Bg2 d5 6. 0-0 Nbd7 7. Nc3 Be7 8. Ne5 0-0 9. Qa4 Nxe5 10. dxe5 Ne8 11. cxd5 exd5 12. Rd1 c6 13. b4 b5 14. Qb3 a5 15. bxa5 Qxa5 16. Bb2 b4 17. Ne4 Ba6 18. Nd6 Bxe2 19. Nf5 Bc5 20. Rd2 Bg4 21. Nd4 Bd7 22. Qe3 Nc7 23. Qg5 Bxd4 24. Bxd4 Ne6 25. Qe3 Nxd4 26. Rxd4 Be6 27. Rh4 Rfb8 28. Qd3 h6 29. Rc1 Qxa2 30. Rxc6 Qa1+ 31. Bf1 Qxe5 32. f4 Qf5 33. g4 Qxf4 34. Rxe6 fxe6 35. Qg6 Qe3+ 0-1

[Event "Latschach op 22nd"]
[Site "Latschach"]
[Date "2006.08.18"]
[Round "8"]
[White "Smole, Albert"]
[Black "Wochein, Marco"]
[Result "1/2-1/2"]
[WhiteElo "2136"]
[BlackElo "2041"]
[PlyCount "120"]
[EventDate "2006.08.12"]
[EventType "swiss"]
[EventRounds "9"]
[EventCountry "AUT"]
[SourceTitle "CBM 113 Extra"]
[Source "ChessBase"]
[SourceDate "2006.09.14"]
[SourceVersion "1"]
[SourceVersionDate "2006.09.14"]
[SourceQuality "1"]

1. Nf3 d5 2. g3 Nf6 3. Bg2 c6 4. 0-0 Bf5 5. d3 Nbd7 6. Nh4 Be6 7. Nd2 d4 8. c3 Nb6 9. a4 a5 10. Nb3 dxc3 11. bxc3 Nfd5 12. Bd2 Bg4 13. Re1 e5 14. Qc2 Be7 15. Nf3 Qc7 16. e4 Nf6 17. Be3 c5 18. Nbd2 0-0 19. Reb1 Bd6 20. h3 Be6 21. Ng5 Bc8 22. Qb3 Ra6 23. Bf1 h6 24. Ngf3 Be6 25. Qb2 Bd7 26. d4 Nxa4 27. Qxb7 Ra7 28. Qxc7 Bxc7 29. dxe5 Nh7 30. Ra3 Rb8 31. Rxb8+ Bxb8 32. Nc4 Bc7 33. Nfd2 Ng5 34. f4 Ne6 35. Nd6 Nd8 36. Bb5 Nb6 37. Bxd7 Bxd6 38. exd6 Nxd7 39. e5 f6 40. Nc4 fxe5 41. fxe5 Kf7 42. Kg2 Ke6 43. Rxa5 Rxa5 44. Nxa5 Kxe5 45. Kf3 Kxd6 46. Ke4 Ke6 47. Nb3 Nb7 48. Bf4 h5 49. c4 Nf6+ 50. Kf3 Kf5 51. Be3 Nd7 52. g4+ hxg4+ 53. hxg4+ Ke5 54. Bf2 g6 55. Bg3+ Ke6 56. Ke4 Nd6+ 57. Bxd6 Kxd6 58. Kf4 Ke6 59. Kg5 Kf7 60. Nd2 Ne5 1/2-1/2

[Event "St Veit op 25th"]
[Site "St Veit"]
[Date "2006.07.11"]
[Round "4"]
[White "Smole, Albert"]
[Black "Genser, Harald"]
[Result "1/2-1/2"]
[WhiteElo "2136"]
[BlackElo "2332"]
[PlyCount "143"]
[EventDate "2006.07.08"]
[EventType "swiss"]
[EventRounds "9"]
[EventCountry "AUT"]
[SourceTitle "CBM 113 Extra"]
[Source "ChessBase"]
[SourceDate "2006.09.14"]
[SourceVersion "1"]
[SourceVersionDate "2006.09.14"]
[SourceQuality "1"]

1. e4 c5 2. Nf3 d6 3. h3 Nf6 4. Nc3 Nc6 5. Bc4 e6 6. 0-0 Be7 7. d4 cxd4 8. Nxd4 0-0 9. Be3 Na5 10. Bd3 a6 11. Nb3 b5 12. Nxa5 Qxa5 13. Qd2 Qc7 14. Rfd1 Bb7 15. f3 Nd7 16. Bf1 Ne5 17. Rac1 Nc4 18. Bxc4 Qxc4 19. b3 Qc7 20. Nb1 d5 21. exd5 Bxd5 22. c4 bxc4 23. bxc4 Bc6 24. Qf2 Ba4 25. Rd3 Rfc8 26. Nd2 Rab8 27. c5 Rb2 28. Ra3 Bb5 29. Bd4 Rb4 30. Rac3 Rd8 31. Be3 Bh4 32. g3 Bxg3 33. Qg2 Bf4 34. Ne4 Bxe3+ 35. Rxe3 Rbd4 36. Ree1 Bc6 37. Nd6 Rd3 38. Rf1 Qe7 39. Rc4 Bb5 40. Rg4 g6 41. a4 Bc6 42. Qe2 Rd5 43. Rc1 f5 44. Rg2 Bxa4 45. Qxa6 Qc7 46. Nb7 Rd1+ 47. Rxd1 Rxd1+ 48. Kf2 Bd7 49. Qb6 Qxb6 50. cxb6 Rb1 51. Nc5 Bc8 52. b7 Bxb7 53. Nxe6 Bd5 54. Nf4 Bc6 55. h4 Rb3 56. Rg3 Kf7 57. Nh3 Kf6 58. f4 Rb2+ 59. Kg1 h6 60. Ra3 Ke6 61. Nf2 Rb1+ 62. Kh2 Rf1 63. Ra2 Be4 64. Rd2 Rc1 65. Nd1 Rc2 66. Rxc2 Bxc2 67. Ne3 Be4 68. Kg3 Kf6 69. Kf2 g5 70. hxg5+ hxg5 71. fxg5+ Kxg5 72. Nxf5 1/2-1/2

[Event "AUT-chT2M 0506"]
[Site "Austria"]
[Date "2006.03.25"]
[Round "10.5"]
[White "Smole, Albert"]
[Black "Aschenbrenner, Robert"]
[Result "0-1"]
[WhiteElo "2092"]
[BlackElo "2252"]
[PlyCount "72"]
[EventDate "2005.10.08"]
[EventType "team"]
[EventRounds "11"]
[EventCountry "AUT"]
[SourceTitle "EXT 2006"]
[Source "ChessBase"]
[SourceDate "2005.11.24"]
[SourceVersion "1"]
[SourceVersionDate "2005.11.24"]
[SourceQuality "1"]
[WhiteTeam "St Veit/Glan"]
[BlackTeam "Graz Austria"]
[WhiteTeamCountry "AUT"]
[BlackTeamCountry "AUT"]

1. d4 Nf6 2. Nf3 g6 3. c4 Bg7 4. Nc3 d6 5. e4 Bg4 6. h3 Bxf3 7. Qxf3 0-0 8. Bg5 Nfd7 9. Qe3 a6 10. f4 Nc6 11. 0-0-0 f6 12. Bh4 e5 13. dxe5 dxe5 14. Be2 Qe8 15. f5 Nd4 16. g4 c6 17. Rhg1 g5 18. Bf2 b5 19. Qd2 Rf7 20. h4 h6 21. hxg5 fxg5 22. Be3 Nc5 23. Qe1 Rb7 24. Qf2 Qd8 25. Qg2 Qa5 26. f6 Bxf6 27. Qf2 Bg7 28. Rxd4 Rf8 29. Rd6 Rxf2 30. Bxf2 b4 31. Nd1 Nxe4 32. Rxc6 b3 33. Rc8+ Bf8 34. Nc3 Nxc3 35. Bf3 Rf7 36. Rg3 bxa2 0-1

[Event "Jacques Lemans op 23rd"]
[Site "St Veit"]
[Date "2004.07.17"]
[Round "8"]
[White "Giessmann, Andreas"]
[Black "Smole, Albert"]
[Result "1/2-1/2"]
[WhiteElo "2109"]
[BlackElo "2165"]
[PlyCount "53"]
[EventDate "2004.07.10"]
[EventType "swiss"]
[EventRounds "9"]
[EventCountry "AUT"]
[SourceTitle "CBM 101 Extra"]
[Source "ChessBase"]
[SourceDate "2004.09.01"]
[SourceVersion "2"]
[SourceVersionDate "2004.09.01"]
[SourceQuality "1"]

1. Nf3 Nf6 2. b3 d5 3. Bb2 Nbd7 4. e3 e6 5. c4 Be7 6. Be2 0-0 7. 0-0 b6 8. d3 Bb7 9. Nbd2 c5 10. Rc1 Ne8 11. cxd5 exd5 12. d4 Bd6 13. Bd3 Qe7 14. Re1 f5 15. Nf1 g6 16. Ng3 Nef6 17. Rc2 Ne4 18. Qa1 Rfe8 19. Rd1 a6 20. Bf1 h5 21. Ne2 Rac8 22. Nf4 cxd4 23. Rxc8 Rxc8 24. Nxd4 Qf7 25. Rc1 Rxc1 26. Qxc1 Nec5 27. Qc2 1/2-1/2

[Event "Jacques Lemans op 23rd"]
[Site "St Veit"]
[Date "2004.07.12"]
[Round "3"]
[White "Smole, Albert"]
[Black "Mazi, Leon"]
[Result "1-0"]
[WhiteElo "2165"]
[BlackElo "2417"]
[PlyCount "79"]
[EventDate "2004.07.10"]
[EventType "swiss"]
[EventRounds "9"]
[EventCountry "AUT"]
[SourceTitle "CBM 101 Extra"]
[Source "ChessBase"]
[SourceDate "2004.09.01"]
[SourceVersion "2"]
[SourceVersionDate "2004.09.01"]
[SourceQuality "1"]

1. Nf3 Nf6 2. g3 g6 3. Bg2 Bg7 4. 0-0 0-0 5. c4 d6 6. Nc3 e5 7. d3 Nbd7 8. e4 c6 9. Rb1 Nc5 10. b4 Ne6 11. Ne2 Qe7 12. Qc2 Nc7 13. Bb2 Nh5 14. d4 a5 15. a3 Re8 16. dxe5 dxe5 17. Bc1 Nf6 18. Be3 axb4 19. axb4 Na6 20. b5 Nc5 21. Nc3 Ng4 22. Bxc5 Qxc5 23. bxc6 bxc6 24. Na4 Qe7 25. Nb6 Ra3 26. Nxc8 Rxc8 27. Rb3 Rxb3 28. Qxb3 Qc5 29. Ne1 Bf8 30. Nc2 Rd8 31. Qf3 h5 32. h3 Nh6 33. Qc3 Kh7 34. Ra1 f6 35. Ne3 Nf7 36. Qa5 Rd3 37. Qc7 Qd6 38. Ra7 Qxc7 39. Rxc7 Rd6 40. h4 1-0

[Event "AUT-chT2M 0304"]
[Site "Austria"]
[Date "2004.03.14"]
[Round "11.5"]
[White "Tober, Gerhard"]
[Black "Smole, Albert"]
[Result "1-0"]
[WhiteElo "2278"]
[BlackElo "2173"]
[PlyCount "57"]
[EventDate "2003.11.08"]
[EventType "team-tourn"]
[EventRounds "11"]
[EventCountry "AUT"]
[SourceTitle "CBM 097 Extra"]
[Source "ChessBase"]
[SourceDate "2004.01.13"]
[SourceVersion "1"]
[SourceVersionDate "2004.01.13"]
[SourceQuality "1"]
[WhiteTeam "St Valentin"]
[BlackTeam "St Veit/Glan"]
[WhiteTeamCountry "AUT"]
[BlackTeamCountry "AUT"]

1. e4 e5 2. Nf3 Nf6 3. Nxe5 d6 4. Nf3 Nxe4 5. Nc3 Nf6 6. d4 c6 7. Bd3 Be7 8. h3 Nbd7 9. 0-0 0-0 10. Ne2 Re8 11. Ng3 Nf8 12. Re1 Ng6 13. c3 Bd7 14. Nf5 Bxf5 15. Bxf5 Qa5 16. Qc2 Bf8 17. Bg5 Rxe1+ 18. Rxe1 Qxa2 19. h4 Qa5 20. Bxf6 gxf6 21. h5 Ne7 22. Bxh7+ Kh8 23. g4 Qc7 24. Bd3 Bh6 25. Qe2 Ng8 26. Qe4 Kg7 27. Qh7+ Kf8 28. Nh4 d5 29. Ng6+ 1-0

[Event "AUT-chT2M 0304"]
[Site "Austria"]
[Date "2004.02.28"]
[Round "8.5"]
[White "Schnider, Gert"]
[Black "Smole, Albert"]
[Result "1-0"]
[WhiteElo "2213"]
[BlackElo "2173"]
[PlyCount "69"]
[EventDate "2003.11.08"]
[EventType "team-tourn"]
[EventRounds "11"]
[EventCountry "AUT"]
[SourceTitle "CBM 097 Extra"]
[Source "ChessBase"]
[SourceDate "2004.01.13"]
[SourceVersion "1"]
[SourceVersionDate "2004.01.13"]
[SourceQuality "1"]
[WhiteTeam "Graz Strassenbahn"]
[BlackTeam "St Veit/Glan"]
[WhiteTeamCountry "AUT"]
[BlackTeamCountry "AUT"]

1. d4 Nf6 2. c4 e6 3. Nc3 Bb4 4. Qc2 c5 5. e3 0-0 6. Nf3 Nc6 7. Bd3 b6 8. 0-0 Ba6 9. Ne4 cxd4 10. exd4 h6 11. Qa4 Nxe4 12. Bxe4 d5 13. Bxd5 exd5 14. Qxa6 Rc8 15. a3 Be7 16. Be3 Bf6 17. Rfd1 dxc4 18. Qxc4 Ne5 19. Qe2 Nxf3+ 20. Qxf3 Rc2 21. b4 Qd7 22. h3 Qa4 23. Rd3 Rfc8 24. Bxh6 Be7 25. Qg3 Bf8 26. Rad1 R8c6 27. Bf4 Ra2 28. d5 Rc8 29. Qf3 Qd7 30. d6 Rcc2 31. Bg3 g6 32. Qg4 f5 33. Qxg6+ Bg7 34. Re1 Re2 35. Re3 1-0

[Event "AUT-chT2M 0304"]
[Site "Austria"]
[Date "2004.02.01"]
[Round "7.5"]
[White "Sandner, Wolfgang"]
[Black "Smole, Albert"]
[Result "1/2-1/2"]
[WhiteElo "2245"]
[BlackElo "2173"]
[PlyCount "110"]
[EventDate "2003.11.08"]
[EventType "team-tourn"]
[EventRounds "11"]
[EventCountry "AUT"]
[SourceTitle "CBM 097 Extra"]
[Source "ChessBase"]
[SourceDate "2004.01.13"]
[SourceVersion "1"]
[SourceVersionDate "2004.01.13"]
[SourceQuality "1"]
[WhiteTeam "Leoben"]
[BlackTeam "St Veit/Glan"]
[WhiteTeamCountry "AUT"]
[BlackTeamCountry "AUT"]

1. e4 e5 2. Bc4 Nf6 3. d3 d6 4. Nf3 Be7 5. 0-0 0-0 6. c3 Nbd7 7. Re1 c6 8. Bb3 Nc5 9. Bc2 Ne6 10. d4 Nd7 11. Nbd2 Re8 12. Nc4 Qc7 13. a4 a5 14. h4 Bf6 15. Ne3 Nef8 16. h5 h6 17. Ng4 Nh7 18. Bb3 Ndf8 19. Nfh2 Bg5 20. dxe5 dxe5 21. Ne3 Be6 22. Bxe6 Nxe6 23. Nf5 Rad8 24. Qc2 Bxc1 25. Raxc1 Nf4 26. Rcd1 Nxh5 27. Qb3 Nf4 28. Qc4 Nf6 29. Nf3 Ng4 30. Ne3 Nxe3 31. fxe3 Ng6 32. b4 Qb6 33. Kf2 axb4 34. cxb4 Rxd1 35. Rxd1 Rd8 36. Rxd8+ Qxd8 37. b5 cxb5 38. Qxb5 Qc7 39. Ke2 f6 40. Nd2 Nf8 41. Nc4 Nd7 42. Qd5+ Kh7 43. a5 Nc5 44. Kf3 Na6 45. Nd6 Nb4 46. Qe6 Nc6 47. Nf5 Nxa5 48. Ne7 Qd8 49. Qf7 Nc6 50. Nf5 Qg8 51. Qxb7 Nd8 52. Qd7 Ne6 53. Kg3 Ng5 54. Kh2 Qf7 55. Ne7 g6 1/2-1/2

[Event "AUT-chT2M 0304"]
[Site "Austria"]
[Date "2003.12.06"]
[Round "3.5"]
[White "Smole, Albert"]
[Black "Testor, Sebastian"]
[Result "1-0"]
[WhiteElo "2173"]
[BlackElo "2158"]
[PlyCount "103"]
[EventDate "2003.11.08"]
[EventType "team-tourn"]
[EventRounds "11"]
[EventCountry "AUT"]
[SourceTitle "CBM 097 Extra"]
[Source "ChessBase"]
[SourceDate "2004.01.13"]
[SourceVersion "1"]
[SourceVersionDate "2004.01.13"]
[SourceQuality "1"]
[WhiteTeam "St Veit/Glan"]
[BlackTeam "Sauwald"]
[WhiteTeamCountry "AUT"]
[BlackTeamCountry "AUT"]

1. Nf3 Nf6 2. g3 b5 3. Bg2 Bb7 4. 0-0 e6 5. b3 c5 6. c4 a6 7. Bb2 Be7 8. d3 0-0 9. Nbd2 Qb6 10. Qc2 Nc6 11. Rac1 d6 12. e3 Nd7 13. d4 Rac8 14. Qb1 cxd4 15. Nxd4 Nce5 16. Bxb7 Qxb7 17. f4 Ng4 18. Qd3 bxc4 19. Nxc4 d5 20. Na5 Qb6 21. Ndc6 Bc5 22. Rxc5 Nxc5 23. Qc3 d4 24. Qxd4 e5 25. Ne7+ Kh8 26. Nxc8 Qh6 27. Qd2 Rxc8 28. Rc1 Qb6 29. b4 Nxh2 30. Kxh2 Rd8 31. Bd4 Qh6+ 32. Kg1 Ne4 33. Qg2 exd4 34. Qxe4 d3 35. Qxd3 Re8 36. Rd1 Qh3 37. e4 h5 38. Re1 h4 39. Re3 Rc8 40. Nb3 Qg4 41. Qe2 Qg6 42. Nc5 a5 43. a3 axb4 44. axb4 Ra8 45. Qh2 Ra1+ 46. Kf2 Kg8 47. Qxh4 Qb6 48. Rd3 f6 49. Qh5 Rb1 50. Qe8+ Kh7 51. Rd8 Rb2+ 52. Kf3 1-0

[Event "Jacques Lemans op 21st"]
[Site "St Veit"]
[Date "2002.07.11"]
[Round "6"]
[White "Lehner, Erich"]
[Black "Smole, Albert"]
[Result "0-1"]
[WhiteElo "2045"]
[BlackElo "2162"]
[PlyCount "60"]
[EventDate "2002.07.06"]
[EventType "swiss"]
[EventRounds "9"]
[EventCountry "AUT"]
[SourceTitle "CBM 089 Extra"]
[Source "ChessBase"]
[SourceDate "2002.09.10"]
[SourceVersion "2"]
[SourceVersionDate "2002.09.10"]
[SourceQuality "1"]

1. d4 Nf6 2. Nc3 d5 3. Bg5 Nbd7 4. f3 h6 5. Bh4 c6 6. Qd2 b5 7. a3 e6 8. e4 Nxe4 9. fxe4 Qxh4+ 10. g3 Qd8 11. Nf3 a6 12. Bg2 Be7 13. 0-0 0-0 14. exd5 exd5 15. Rae1 Bd6 16. Re2 Nb6 17. Rfe1 Bg4 18. Nd1 Nc4 19. Qc1 Qf6 20. Rf1 Bxf3 21. Rxf3 Qxd4+ 22. Kh1 Rae8 23. c3 Qa7 24. Ne3 Ne5 25. Nf5 Nxf3 26. Nxd6 Rxe2 27. Bxf3 Qe3 28. Qxe3 Rxe3 29. Kg2 g6 30. Kf2 Re7 0-1

[Event "AUT-chT2S 9899"]
[Site "Austria"]
[Date "1999.03.21"]
[Round "11.2"]
[White "Smole, Albert"]
[Black "Sorg, Bernd"]
[Result "0-1"]
[WhiteElo "2155"]
[BlackElo "2200"]
[PlyCount "104"]
[EventDate "1998.10.??"]
[EventType "team"]
[EventRounds "11"]
[EventCountry "AUT"]
[SourceTitle "EXT 2001"]
[Source "ChessBase"]
[SourceDate "2000.11.22"]
[SourceVersion "1"]
[SourceVersionDate "2000.11.22"]
[SourceQuality "1"]

1. e4 e6 2. d4 d5 3. Nd2 Nf6 4. e5 Nfd7 5. Bd3 c5 6. c3 Nc6 7. Ne2 Qb6 8. Nf3 cxd4 9. cxd4 f6 10. exf6 Nxf6 11. 0-0 Bd6 12. Nc3 0-0 13. a3 e5 14. dxe5 Nxe5 15. Be2 Nxf3+ 16. Bxf3 d4 17. Ne4 Nxe4 18. Bxe4 Bf5 19. Bxf5 Rxf5 20. b4 Raf8 21. Ra2 Kh8 22. Rc2 Be5 23. Qd3 Qd6 24. h3 h6 25. Re2 Qd5 26. Re4 Qa2 27. Bd2 Bc7 28. Re2 Qd5 29. Re4 Qd6 30. f4 Bb6 31. g4 R5f6 32. f5 Rc8 33. Rfe1 Rc3 34. Qf1 Rg3+ 35. Kh1 Qd5 36. Bf4 Rxa3 37. Qg2 Rf8 38. Re7 Rxh3+ 39. Bh2 Rf3 40. Be5 d3 41. Bxg7+ Kg8 42. Be5 Rc8 43. Rg7+ Kf8 44. Rg6 Rh3+ 45. Bh2 Rxh2+ 46. Kxh2 Rc2 47. Rf6+ Kg7 48. Rg6+ Kf7 49. Qxc2 dxc2 50. Rge6 Bc7+ 51. Kg1 Qd4+ 52. Kf1 Qf4+ 0-1

[Event "AUT-chT2S 9899"]
[Site "Austria"]
[Date "1999.03.07"]
[Round "8.4"]
[White "Smole, Albert"]
[Black "Egartner, Wolfgang"]
[Result "1/2-1/2"]
[WhiteElo "2155"]
[BlackElo "2145"]
[PlyCount "20"]
[EventDate "1998.10.??"]
[EventType "team"]
[EventRounds "11"]
[EventCountry "AUT"]
[SourceTitle "EXT 2001"]
[Source "ChessBase"]
[SourceDate "2000.11.22"]
[SourceVersion "1"]
[SourceVersionDate "2000.11.22"]
[SourceQuality "1"]

1. e4 c5 2. c3 Nf6 3. e5 Nd5 4. d4 cxd4 5. Qxd4 e6 6. Nf3 Nc6 7. Qe4 f5 8. exf6 Nxf6 9. Qc2 d5 10. Bd3 e5 1/2-1/2